| 000 | 00000nam##2200000za#4500 |
| 001 | 9.605338 |
| 003 | CaOODSP |
| 005 | 20250611103508 |
| 007 | cr ||||||||||| |
| 008 | 150406|2011||||xxc|||||o f|0| 0 fre|d |
| 040 | |aCaOODSP|bfre |
| 043 | |an-cn--- |
| 086 | 1 |aA12-1/2-2011F-PDF |
| 110 | 1 |aCanada. |bAgriculture et agroalimentaire Canada. |
| 245 | 10|aÉvaluation des pratiques de gestion bénéfiques à l'échelle des bassins hydrographiques (EPBH) : |h[ressource électronique]|bdes études révèlent des renseignements clés sur le rendement des PGB |
| 260 | |aOttawa - Ontario : |bAgriculture et Agroalimentaire Canada |cc2011. |
| 300 | |a6p.|bfigure, carte, photographies |
| 490 | 1 |aFiche d’information de l’EPBH|vN° 2 |
| 590 | |a13-05-Supp|b2013-02-27 |
| 775 | 08|tWatershed Evaluation of Beneficial Management Practices (WEBs) : |w(CaOODSP)9.575964 |
| 830 | #0|aFiche d’information de l’EPBH ;|vN° 2|w(CaOODSP)9.503528 |
| 856 | 40|ahttp://publications.gc.ca|qPDF|s465 Ko|uhttps://publications.gc.ca/collections/collection_2013/aac-aafc/A12-1-2-2011-fra.pdf|yN° 2 |
| 986 | |aAAC No. 11638F |